Ülést tartott a megyei pártbizottság
Elmentve itt :
| Dokumentumtípus: | Cikk |
|---|---|
| Megjelent: |
1968-07-09
|
| Sorozat: | Délmagyarország
58 No. 159 |
| Kulcsszavak: | Nagy István, Földeáki, Rózsa István, Bese Vilmos, Délmagyarország, Pártbizottság ülés 1968 |
| Online Access: | http://dmarchiv.bibl.u-szeged.hu/62795 |
| LEADER | 00497nab a2200145 i 4500 | ||
|---|---|---|---|
| 001 | delm62795 | ||
| 005 | 20180927151302.0 | ||
| 008 | 180927s1968 hu o 0|| hun d | ||
| 040 | |a SZTE Délmagyarország Archívum |b hun | ||
| 041 | |a hun | ||
| 245 | 0 | 0 | |a Ülést tartott a megyei pártbizottság |h [elektronikus dokumentum] |
| 260 | |c 1968-07-09 | ||
| 300 | |a 1 | ||
| 490 | 0 | |a Délmagyarország |v 58 No. 159 | |
| 695 | |a Nagy István, Földeáki, Rózsa István, Bese Vilmos, Délmagyarország, Pártbizottság ülés 1968 | ||